Central Library OPAC University of Rajshahi

Two stars for comfort / (Record no. 20024)

MARC details
000 -LEADER
fixed length control field 01836cam a22004093a 4500
001 - CONTROL NUMBER
control field 20024
003 - CONTROL NUMBER IDENTIFIER
rucl marc code BD-RjUL
005 - DATE AND TIME OF LATEST TRANSACTION
control field 20211209000518.0
008 - FIXED-LENGTH DATA ELEMENTS--GENERAL INFORMATION
fixed length control field 140226s1962 xx 000 0deng
035 ## - SYSTEM CONTROL NUMBER
System control number (BD-RjUL)
040 ## - CATALOGING SOURCE
Original cataloging agency DLC
Transcribing agency DLC
Language of cataloging eng
Modifying agency BD-RjUL
041 ## - LANGUAGE CODE
Language code of text/sound track or separate title eng
082 ## - DEWEY DECIMAL CLASSIFICATION NUMBER
Classification number 822.91
Author mark and year MOT
100 ## - MAIN ENTRY--PERSONAL NAME
Personal name Mortimer, John
9 (RLIN) 61591
245 00 - TITLE STATEMENT
Title Two stars for comfort /
260 ## - PUBLICATION, DISTRIBUTION, ETC. (IMPRINT)
Date of publication, distribution, etc. 1962.
Place of publication, distribution, etc. Lopndon :
Name of publisher, distributor, etc. Mathuen and ltd.,
300 ## - PHYSICAL DESCRIPTION
Pagination 107 p. ;.
Size 18cm.
500 ## - GENERAL NOTE
General note Garrick Theatre, Charing Cross Road, W.C. 2, the first performance at this theatre, Wednesday, 4th April, 1962.
General note Title devised by Library staff.
General note Cast: Esmond Knight, Gabriella Licudi, Diane Clare, Anthony Valentine, David Walsh, Trevor Howard, Patricia Healey, Isabel Dean, Hazel Hughes, Peter Sallis, Dudley Jones, Noel Howlett, William Fox.
520 ## - SUMMARY, ETC.
Summary, etc. Garrick Theatre, Michael Codron and David Hall present Trevor Howard in "Two Stars For Comfort," a new play by John Mortimer, the play directed by Michael Elliott, setting by Malcolm Pride, lighting by Richard Pilbrow.
580 ## - LINKING ENTRY COMPLEXITY NOTE
Linking entry complexity note In: Richard L. Coe Theater Programs Collection (Library of Congress).
650 ## - SUBJECT ADDED ENTRY--TOPICAL TERM
Topical term or geographic name as entry element Drama
9 (RLIN) 61592
700 1# - ADDED ENTRY--PERSONAL NAME
Personal name Howard, Trevor,
Dates associated with a name 1916-1988.
Personal name Elliott, Michael,
Dates associated with a name 1931-
Personal name Pride, Malcolm.
Personal name Pilbrow, Richard.
Personal name Mortimer, John,
Dates associated with a name 1923-2009.
710 2# - ADDED ENTRY--CORPORATE NAME
Corporate name or jurisdiction name as entry element Garrick Theatre (London, England)
9 (RLIN) 61600
Corporate name or jurisdiction name as entry element Richard L. Coe Theater Programs Collection (Library of Congress)
Institution to which field applies DLC
9 (RLIN) 15716
752 ## - ADDED ENTRY--HIERARCHICAL PLACE NAME
Country or larger entity England
City London.
942 ## - ADDED ENTRY ELEMENTS (KOHA)
Source of classification or shelving scheme Dewey Decimal Classification
Koha item type Books
Holdings
Lost status Source of classification or shelving scheme Damaged status Not for loan Collection code Permanent Location Current Location Shelving location Date acquired Source of acquisition Cost, normal purchase price Total Checkouts Full call number Date last seen Copy number Koha item type
  Dewey Decimal Classification   Not For Loan Fiction Central Library, University of Rajshahi Central Library, University of Rajshahi Reading Room 13/04/1964 Zeittinger 10.60   822.91 MOT 1962 26/02/2014 C-1 Books
  Dewey Decimal Classification     Fiction Central Library, University of Rajshahi Central Library, University of Rajshahi   03/07/1968 Sweet + Zeitlinger 6.00   822.91 MOT 1966 27/02/2014 C-2 Books